000 03831nab a2200325 i 4500
003 BR-BrBNA
005 20240319111438.0
008 240319b2020 bl.ar|pooa||| 00| 0 eng |
040 _aBR-BrBNA
_beng
072 _aF50
_b2120
072 _aP33
100 _aPartelli, Fabio Luiz
100 _aCavalcanti, André Cayô
100 _aMenegardo, Camilo
100 _aCovre, André Monzoli
100 _aGontijo, Ivoney
100 _aBraun, Heder
245 _aSpatial distribution of the root system of Conilon and Arabica coffee plants
500 _a Publicação on-line; 29 ref.; 7 illus.; Summaries (En, Pt)
520 _a Abstract – The objective of this work was to evaluate the root system of Conilon coffee (Coffea canephora) and Arabica coffee (Coffea arabica) plants in the soil profile, using semivariograms. The evaluations were carried out in an area located in the municipality of Jaguaré, in the state of Espírito Santo, Brazil. The Verdebrás G30/G35 Conilon coffee and the Catuaí Vermelho IAC 44 Arabica coffee cultivars were assessed. Soil monoliths with coffee plant roots were collected at three distances from the trunk in the planting row and at six distances from the trunk between rows, at six depths. The roots were collected and washed and then digitized and processed in the Safira software. The spatial variability of the evaluated attributes was characterized by the geostatistical technique, through semivariograms, using the GS+ 7.0 software. Root surface area, length, and volume were quantified for the two coffee species. Conilon coffee plants have a tendency of showing a root system with a smaller surface area, shorter length, and lower volume by volume of soil, as well as a less discrepant distribution on soil surface and in deeper layers, compared with Arabica coffee. Index terms: Coffea arabica, Coffea canephora,semiovariogram, soil profile
520 _a Resumo – O objetivo deste trabalho foi avaliar o sistema radicular de plantas de café conilon (Coffea canephora) e café arábica (Coffea arabica) no perfil do solo, com uso de semivariogramas. As avaliações foram realizadas em área localizada no município de Jaguaré, no estado do Espírito Santo. Foram avaliadas as cultivares Verdebrás G30/G35 do café conilon e a Catuaí Vermelho IAC 44 do café arábica. Monólitos de solo com raízes de café foram coletados em três distâncias do tronco do cafeeiro, no sentido da linha, e em seis distâncias do tronco, no sentido da entrelinha de plantio, em seis níveis de profundidade. As raízes foram coletadas e lavadas e, depois, digitalizadas e processadas no programa Safira. A variabilidade espacial dos atributos avaliados foi caracterizada pela técnica geoestatística, por meio de semivariogramas, com uso do programa GS+ 7.0. A área de superfície, o comprimento e o volume das raízes foram quantificados para as duas espécies de café. O café conilon tem tendência de apresentar sistema radicular com menor área superficial, comprimento e volume de raízes por volume de solo, bem como com distribuição menos discrepante na superfície do solo e em profundidade, em comparação ao café arábica. Termos para indexação: Coffea arabica, Coffea canephora, semivariograma, perfil do solo.
650 _aCAFÉ
650 _aSISTEMA RADICULAR
650 _aANÁLISE DO SOLO
650 _aANATOMIA VEGETAL
773 0 _0920
_925800
_dBrasília-DF Empresa Brasileira de Pesquisa Agropecuária - EMBRAPA 1966-
_o2023-436355
_tPesquisa Agropecuária Brasileira (Brazil)
_x0100-204X
_gv. 55 p. 1-9; (2020)
_wBR2024000234
856 _uhttps://www.scielo.br/j/pab/a/JHx9c8RCCkhYBHyP6mhGRfm/?format=pdf&lang=en
942 _cAnalítica
999 _c298841
_d298841